Sports Quiz

Random Sports or Tennis Quiz

Aussie Open Men 4th Round 2000s Quiz Stats

 Plays Quiz not verified by Sporcle

Support Sporcle.
Go Orange.
Score 0/288 Timer 14:00
0 Plays Today
Year Name % Correct
2018Roger Federer
100%
2016Roger Federer
99.8%
2017Roger Federer
99.8%
2002Roger Federer
99.7%
2003Roger Federer
99.7%
2004Roger Federer
99.7%
2005Roger Federer
99.7%
2006Roger Federer
99.7%
2007Roger Federer
99.7%
2008Roger Federer
99.7%
2009Roger Federer
99.7%
2010Roger Federer
99.7%
2011Roger Federer
99.7%
2012Roger Federer
99.7%
2013Roger Federer
99.6%
2014Roger Federer
99.6%
2015Rafael Nadal
99.4%
2017Rafael Nadal
99.4%
2001Andre Agassi
99.3%
2003Andre Agassi
99.3%
2004Andre Agassi
99.3%
2005Andre Agassi
99.3%
2015Novak Djokovic
99.3%
2015Andy Murray
99.3%
2016Novak Djokovic
99.3%
2016Andy Murray
99.3%
2017Andy Murray
99.2%
2018Rafael Nadal
99.1%
2018Novak Djokovic
99.1%
2016Jo-Wilfried Tsonga
98.7%
2017Jo-Wilfried Tsonga
98.6%
2005Rafael Nadal
98.6%
2007Rafael Nadal
98.6%
2008Rafael Nadal
98.6%
2009Rafael Nadal
98.6%
2010Rafael Nadal
98.6%
2011Rafael Nadal
98.6%
2015Stanislas Wawrinka
98.5%
2016Stanislas Wawrinka
98.5%
2017Stanislas Wawrinka
98.5%
2012Rafael Nadal
98.4%
2012Lleyton Hewitt
98.3%
2003Lleyton Hewitt
98.3%
2004Lleyton Hewitt
98.3%
2005Lleyton Hewitt
98.3%
2007Novak Djokovic
98.3%
2008Novak Djokovic
98.3%
2008Lleyton Hewitt
98.3%
2009Novak Djokovic
98.3%
2010Novak Djokovic
98.3%
2010Lleyton Hewitt
98.3%
2011Novak Djokovic
98.3%
2012Novak Djokovic
98.2%
2014Rafael Nadal
98.2%
2013Novak Djokovic
98%
2014Novak Djokovic
97.9%
2001Marat Safin
97.8%
2002Marat Safin
97.8%
2004Marat Safin
97.8%
2005Marat Safin
97.8%
2007Andy Murray
97.8%
2009Andy Murray
97.8%
2010Andy Murray
97.8%
2011Andy Murray
97.8%
2015David Ferrer
97.8%
2016David Ferrer
97.8%
2012Andy Murray
97.6%
2013Andy Murray
97.6%
2014Andy Murray
97.5%
2012Jo Wilfried Tsonga
97.4%
2013Jo Wilfried Tsonga
97.2%
2014Jo-Wilfried Tsonga
97.1%
2008Jo Wilfried Tsonga
96.9%
2009Jo Wilfried Tsonga
96.9%
2010Jo Wilfried Tsonga
96.9%
2014Stanislas Wawrinka
96.9%
2001Pete Sampras
96.8%
2018Marin Cilic
96.8%
2002Pete Sampras
96.7%
2012David Ferrer
96.6%
2013David Ferrer
96.5%
2014David Ferrer
96.4%
2013Stanislas Wawrinka
96.4%
2006David Ferrer
96.1%
2007David Ferrer
96.1%
2008David Ferrer
96.1%
2011David Ferrer
96.1%
2016Gael Monfils
95.5%
2017Gael Monfils
95.4%
2003Andy Roddick
95.3%
2004Andy Roddick
95.3%
2005Andy Roddick
95.3%
2006Andy Roddick
95.3%
2007Andy Roddick
95.3%
2009Andy Roddick
95.3%
2010Andy Roddick
95.3%
Year Name % Correct
2011Andy Roddick
95.3%
2003Juan Carlos Ferrero
93.5%
2004Juan Carlos Ferrero
93.5%
2008Juan Carlos Ferrero
93.5%
2015Milos Raonic
92.9%
2016Milos Raonic
92.9%
2017Milos Raonic
92.6%
2011Stanislas Wawrinka
92.5%
2017Mischa Zverev
92.5%
2015Tomas Berdych
92.2%
2015Kei Nishikori
92.2%
2016Kei Nishikori
92.2%
2016Tomas Berdych
92.2%
2017Kei Nishikori
92.1%
2008Marin Cilic
92%
2009Marin Cilic
92%
2010Marin Cilic
92%
2011Marin Cilic
92%
2012Tomas Berdych
91.9%
2013Tomas Berdych
91.7%
2013Richard Gasquet
91.7%
2014Tomas Berdych
91.4%
2016John Isner
91.4%
2009Gael Monfils
91.2%
2002Thomas Johansson
91.1%
2005Thomas Johansson
91.1%
2006Thomas Johansson
91.1%
2012Richard Gasquet
91.1%
2005Joachim Johansson
91.1%
2012Juan Martin Del Potro
91%
2005Marcos Baghdatis
91%
2006Marcos Baghdatis
91%
2009Marcos Baghdatis
91%
2017Grigor Dimitrov
90.7%
2015Grigor Dimitrov
90.7%
2018Tomas Berdych
90.6%
2013Kei Nishikori
90.5%
2014Kei Nishikori
90.4%
2007Tomas Berdych
90.3%
2008Tomas Berdych
90.3%
2009Tomas Berdych
90.3%
2011Tomas Berdych
90.3%
2003David Nalbandian
90%
2004David Nalbandian
90%
2005David Nalbandian
90%
2006David Nalbandian
90%
2007David Nalbandian
90%
2002Tommy Haas
89.8%
2006Tommy Haas
89.8%
2007Tommy Haas
89.8%
2016Gilles Simon
89.8%
2007Richard Gasquet
89.6%
2008Richard Gasquet
89.6%
2002Fernando Gonzalez
89.5%
2007Fernando Gonzalez
89.5%
2009Fernando Gonzalez
89.5%
2010Fernando Gonzalez
89.5%
2013Milos Raonic
89.4%
2001Pat Rafter
89.3%
2009Juan Martin Del Potro
89.2%
2010Juan Martin Del Potro
89.2%
2012Kei Nishikori
88.9%
2018Grigor Dimitrov
88.8%
2005Nikolay Davydenko
88.7%
2006Nikolay Davydenko
88.7%
2007Nikolay Davydenko
88.7%
2008Nikolay Davydenko
88.7%
2010Nikolay Davydenko
88.7%
2009Fernando Verdasco
88.6%
2010Fernando Verdasco
88.6%
2011Fernando Verdasco
88.6%
2013Gilles Simon
87.9%
2001Tim Henman
87.9%
2002Tim Henman
87.9%
2014Grigor Dimitrov
87.3%
2015Nick Kyrgios
86.8%
2001Yevgeny Kafelnikov
86.6%
2017Dominic Thiem
86.5%
2015Feliciano Lopez
86.4%
2010John Isner
86.2%
2009Gilles Simon
85.3%
2001Carlos Moya
85.2%
2003James Blake
85.2%
2004James Blake
85.2%
2007James Blake
85.2%
2008James Blake
85.2%
2009James Blake
85.2%
2018Dominic Thiem
85%
2018Kyle Edmund
84.1%
2018Nick Kyrgios
84.1%
2016Roberto Bautista-Agut
83.6%
2003Mikhail Youzhny
83.3%
2008Mikhail Youzhny
83.3%
2018Fabio Fognini
83.2%
2015Kevin Anderson
83.1%
2012Feliciano Lopez
82.7%
Year Name % Correct
2011Robin Soderling
82.5%
2007Mardy Fish
82.2%
2014Tommy Robredo
82.1%
2013Janko Tipsarevic
81.8%
2016David Goffin
81.8%
2017David Goffin
81.6%
2001Sebastien Grosjean
81.4%
2003Sebastien Grosjean
81.4%
2004Sebastien Grosjean
81.4%
2006Sebastien Grosjean
81.4%
2001Rainer Schuttler
81.2%
2003Rainer Schuttler
81.2%
2001Arnaud Clement
80.9%
2011Milos Raonic
80.8%
2003Guillermo Coria
80.7%
2005Guillermo Coria
80.7%
2014Fabio Fognini
80.5%
2013Nicolas Almagro
79.9%
2004Mark Philippoussis
79.5%
2006Tommy Robredo
79.5%
2007Tommy Robredo
79.5%
2009Tommy Robredo
79.5%
2011Tommy Robredo
79.5%
2017Andreas Seppi
79.3%
2012Nicolas Almagro
79.2%
2006Ivan Ljubicic
79.2%
2015Andreas Seppi
79.1%
2015Bernard Tomic
78%
2016Bernard Tomic
78%
2014Kevin Anderson
78%
2013Kevin Anderson
77.8%
2003Mario Ancic
77.4%
2007Mario Ancic
77.4%
2010Nicolas Almagro
77%
2011Nicolas Almagro
77%
2018Andreas Seppi
77%
2013Andreas Seppi
76.1%
2018Pablo Carreno Busta
76.1%
2012Philipp Kohlschreiber
75.5%
2012Bernard Tomic
75.4%
2006Nicolas Kiefer
75.2%
2001Magnus Norman
74.6%
2018Chung Hyeon
74.3%
2001Greg Rusedski
73.9%
2002Albert Costa
73.4%
2005Philipp Kohlschreiber
72.9%
2008Philipp Kohlschreiber
72.9%
2002Jonas Bjorkman
71.4%
2011Jurgen Melzer
71.1%
2010Ivo Karlovic
69.6%
2001Todd Martin
68.9%
2013Jeremy Chardy
68.6%
2004Guillermo Canas
67.2%
2005Guillermo Canas
67.2%
2002Jiri Novak
66.4%
2002Marcelo Rios
66.3%
2011Alexandr Dolgopolov
66%
2008Jarkko Nieminen
64.2%
2015Gilles Muller
64.1%
2004Robby Ginepri
63%
2002Wayne Ferreira
62.4%
2003Wayne Ferreira
62.4%
2006Juan Ignacio Chela
60.5%
2018Diego Schwartzman
60.5%
2014Florian Mayer
60.3%
2001Dominik Hrbaty
60.1%
2002Dominik Hrbaty
60.1%
2005Dominik Hrbaty
60.1%
2006Dominik Hrbaty
60.1%
2017Denis Istomin
59.6%
2017Roberto Bautista-Agut
59.4%
2006Fabrice Santoro
57.4%
2004Sjeng Schalken
56.9%
2014Roberto Bautista-Agut
56.8%
2005Olivier Rochus
56.2%
2006Paul Henri Mathieu
56.2%
2008Paul Henri Mathieu
56.2%
2017Dan Evans
55.1%
2003Younes El Aynaoui
55%
2018Tennys Sandgren
53.4%
2002Nicolas Lapentti
53.2%
2015Guillermo Garcia-Lopez
52.5%
2004Paradorn Srichaphan
52.4%
2004Hicham Arazi
47.9%
2004Andrei Pavel
44.4%
2010Lukasz Kubot
43%
2003Felix Mantilla
41.7%
2016Andrey Kuznetsov
39.1%
2012Mikhail Kukushkin
38.7%
2002Stefan Koubek
37.2%
2014Stephane Robert
37.1%
2018Marton Fucsovics
33.3%
2003Sargis Sargsian
31.6%
2001Andreas Vinciguerra
27.4%
2001Andrew Ilie
27.2%
2002Adrian Voinea
25.4%

You're not logged in!

Compare scores with friends on all Sporcle quizzes.
OR
Log In

From the Vault

Cartoon Character by Mouth

by zhambsch

This quiz begs the question: Are there cartoon dentists?
Remove Ads.
Support Sporcle.
Get the best of Sporcle when you Go Orange. This ad-free experience offers more features, more stats, and more fun while also helping to support Sporcle. Thank you for becoming a member.

Show Comments

Extras

Top Quizzes Today


Score Distribution

Your Account Isn't Verified!

In order to create a playlist on Sporcle, you need to verify the email address you used during registration. Go to your Sporcle Settings to finish the process.

Report this User

Report this user for behavior that violates our Community Guidelines.

Details: